000 00789nam a2200241Ia 4500
003 OSt
005 20220927105709.0
006 a|||||r|||| 00| 0
007 ta
008 220926b |||||||| |||| 00| 0 eng d
024 _a201538
037 _cReference Collections
040 _aRTL
_cRTL
_beng
041 _2eng
_aeng
082 _a"um73:N48, L1/RR"
100 _aHARRIS Chauncy D
_9374258
245 0 _a"Annotated world list of selected current geographical serials in english, french and german"
260 _aChicago
_buniversity of chicago department of geography USA
_c1971
300 _a268p.
_ccm.
500 _aBibliography: P 391-92; Glossary: P 385-89
942 _h"um73:N48, L1/RR"
_cCC
999 _c693966
_d693966